1977 1583 1782 1551 1481 1862 1350 1898 1468 1300 1720 1852 1906 1869 1413 1321 1835 1085 1111 1883 1238 1616 1363 1574 1717 1896 1349 1472 1488 1202 1365 1291 1427 1817 1013 1130 1443 1841 1260 1637 1288 1414 1278 1894 1226 1668 1620 1791 1336 1585 1306 1601 1461 1554 1856 1698 1723 1783 1998 1768 1773 1816 1396 1438 1213 1080 1738 1268 1122 1921 1013 1122 1731 1738 1581 1952 1943 1745 1373 1069 1205 1106 1832 1142 1198 1933 1682 1949 1961 1139 1192 1895 1859 1473 1823 1819 1693 1972 1300 BCNSPRNW ULIB Ver.6.0+V

เปลี่ยนเป็นภาษาไทย

Change to English
 แสดงรายละเอียดบรรณานุกรม
  กลับหน้าหลัก

Brief Record : Get Marc (ISO 2709) : E-mail record : QR code < ปิดหน้าต่าง
LEADER : 00000nam 2200000uu 4500
001    13399113776
003     ULIB
008    111227s2553||||th 000 0 tha d
020    ^a9786167123264
090    ^aนว.^bช149จ 2553
100 0  ^aชนาพร
245 00 ^aเจ้าพ่อกำมะลอ/^cชนาพร
250    ^aพิมพ์ครั้งที่ 1
260    ^aกรุงเทพฯ :^bกรีนมายด์ บุ๊คส์,^c2553
300    ^a314 หน้า
710 1  ^aกรีนมายด์ บุ๊คส์
945    ^p229^l0^i16997
995    ^aกัณชพร
999    ^aใช้งานได้ทุกระบบ
รายการนี้ยังไม่มีแท็ก
คุณยังไม่ได้ล็อกอิน คุณสามารถมีกิจกรรมร่วมกับเว็บไซต์ได้ แต่ต้องล็อกอินก่อน ::
  ล็อกอิน

รายการสื่อสารสนเทศ

ลำดับที่ ประเภท เลขเรียก/บาร์โค้ด สถานที่ สถานะ
1. นวนิยาย
นวนิยาย
นว. ช149จ 2553  
  Barcode: 16997
ห้องสมุดวิทยาเขตสวรรค์ประชารักษ์
►นวนิยาย
บนชั้น
  ขอยืม

รายการใกล้เคียง
    ผู้แต่ง [ชนาพร]

BibComment


ยังไม่เคยถูกคอมเมนท์

คอมเมนท์ทรัพยากรรายการนี้
  คอมเมนท์: เจ้าพ่อกำมะลอ ชน..


 Copyright 2026. Bcnsprnw @Library